Music Quiz

Random Music or Rock Quiz

Find the Missing Band Member Quiz Stats

 Plays Quiz Updated Oct 4, 2015

Also try: Divided Bands
Challenge
Share
Tweet
Embed
Score 0/30 Timer 05:00
4 Plays Today
% Correct
Stephen Stills
90.9%
David Lee Roth
83.8%
Lindsey Buckingham
82.3%
Brian May
80.5%
Paul Stanley
72.9%
John Paul Jones
72.2%
Joe Perry
69.3%
John Entwistle
66.8%
Stewart Copeland
66.7%
Krist Novoselic
66.4%
Joe Walsh
63.1%
Malcolm Young
61.8%
Adam Clayton
60.9%
Mike Love
59.3%
Brian Jones
58.8%
% Correct
Ray Manzarek
58.6%
Ozzy Osbourne
58.4%
Kirk Hammett
58.3%
Neil Peart
54.9%
Syd Barrett
53%
Michael Stipe
52.4%
Jack Bruce
48.1%
Tina Weymouth
42.8%
Morrissey
42%
Mick Jones
40.1%
Thom Yorke
38.8%
Levon Helm
38.7%
Stone Gossard
37.9%
Noel Redding
37%
Steve Jones
32.4%

You're not logged in!

Compare scores with friends on all Sporcle quizzes.
Join for Free
OR
Log In

You Might Also Like...

Show Comments

Extras

Top Quizzes Today


Score Distribution

Your Account Isn't Verified!

In order to create a playlist on Sporcle, you need to verify the email address you used during registration. Go to your Sporcle Settings to finish the process.

Report this User

Report this user for behavior that violates our Community Guidelines.

Details: